| 000 | 00597nam a22002057a 4500 | ||
|---|---|---|---|
| 999 |
_c3416 _d3416 |
||
| 003 | OSt | ||
| 005 | 20231222104426.0 | ||
| 008 | 231222b ||||| |||| 00| 0 eng d | ||
| 020 | _a9781398389304 | ||
| 040 | _cKH8 | ||
| 082 | _a570 BIO | ||
| 110 | _aHodder Education | ||
| 245 |
_aFlamingo friendships: _bSocial network analysis. |
||
| 260 |
_aUK: _bHodder Education ; _c2023. |
||
| 300 |
_a41 pages : _bcolor illustrations ; _c28 cm. |
||
| 440 |
_aBiological sciences review; _nvol. 36 November 2023 _pno 2. |
||
| 650 | _aBiology -- Periodicals | ||
| 650 | _aBiology Serials | ||
| 942 |
_2ddc _cTR |
||